<?xml version="1.0" encoding="UTF-8"?>
<record
    xmlns:xsi="http://www.w3.org/2001/XMLSchema-instance"
    xsi:schemaLocation="http://www.loc.gov/MARC21/slim http://www.loc.gov/standards/marcxml/schema/MARC21slim.xsd"
    xmlns="http://www.loc.gov/MARC21/slim">

  <leader>00336nam a2200169Ia 4500</leader>
  <datafield tag="100" ind1=" " ind2=" ">
    <subfield code="a">Rao/Nageswara </subfield>
  </datafield>
  <datafield tag="650" ind1=" " ind2=" ">
    <subfield code="a">C Programming</subfield>
  </datafield>
  <datafield tag="942" ind1=" " ind2=" ">
    <subfield code="c">BK</subfield>
  </datafield>
  <datafield tag="366" ind1=" " ind2=" ">
    <subfield code="f">20</subfield>
  </datafield>
  <datafield tag="654" ind1=" " ind2=" ">
    <subfield code="a">core python</subfield>
  </datafield>
  <datafield tag="245" ind1=" " ind2=" ">
    <subfield code="a">Core python programming</subfield>
  </datafield>
  <datafield tag="260" ind1=" " ind2=" ">
    <subfield code="b">Dreamtech</subfield>
    <subfield code="c">2018</subfield>
  </datafield>
  <datafield tag="082" ind1=" " ind2=" ">
    <subfield code="b">RAO</subfield>
  </datafield>
  <datafield tag="300" ind1=" " ind2=" ">
    <subfield code="a">733</subfield>
  </datafield>
  <datafield tag="546" ind1=" " ind2=" ">
    <subfield code="a">ENGLISH</subfield>
  </datafield>
  <datafield tag="999" ind1=" " ind2=" ">
    <subfield code="c">25846</subfield>
    <subfield code="d">25846</subfield>
  </datafield>
  <datafield tag="952" ind1=" " ind2=" ">
    <subfield code="0">0</subfield>
    <subfield code="1">0</subfield>
    <subfield code="4">0</subfield>
    <subfield code="7">0</subfield>
    <subfield code="8">CRC</subfield>
    <subfield code="a">CRCE</subfield>
    <subfield code="b">428</subfield>
    <subfield code="d">2023-03-17</subfield>
    <subfield code="e">Shroff Publishers</subfield>
    <subfield code="g">503.20</subfield>
    <subfield code="i">00163 dt 16.05.2018</subfield>
    <subfield code="l">1</subfield>
    <subfield code="m">1</subfield>
    <subfield code="o"> RAO</subfield>
    <subfield code="p">25270</subfield>
    <subfield code="r">2025-02-27</subfield>
    <subfield code="s">2025-01-16</subfield>
    <subfield code="v">629.00</subfield>
    <subfield code="w">0000-00-00</subfield>
    <subfield code="y">BK</subfield>
  </datafield>
  <datafield tag="952" ind1=" " ind2=" ">
    <subfield code="0">0</subfield>
    <subfield code="1">0</subfield>
    <subfield code="4">0</subfield>
    <subfield code="7">0</subfield>
    <subfield code="8">CRC</subfield>
    <subfield code="a">CRCE</subfield>
    <subfield code="b">CRCE</subfield>
    <subfield code="d">2023-03-17</subfield>
    <subfield code="e">Shroff Publishers</subfield>
    <subfield code="g">503.20</subfield>
    <subfield code="i">00163 dt 16.05.2018</subfield>
    <subfield code="l">0</subfield>
    <subfield code="o"> RAO</subfield>
    <subfield code="p">25271</subfield>
    <subfield code="r">2023-03-17</subfield>
    <subfield code="v">629.00</subfield>
    <subfield code="w">0000-00-00</subfield>
    <subfield code="y">BK</subfield>
  </datafield>
  <datafield tag="952" ind1=" " ind2=" ">
    <subfield code="0">0</subfield>
    <subfield code="1">0</subfield>
    <subfield code="4">0</subfield>
    <subfield code="7">0</subfield>
    <subfield code="8">CRC</subfield>
    <subfield code="a">CRCE</subfield>
    <subfield code="b">CRCE</subfield>
    <subfield code="d">2023-03-17</subfield>
    <subfield code="e">Shroff Publishers</subfield>
    <subfield code="g">503.20</subfield>
    <subfield code="i">00163 dt 16.05.2018</subfield>
    <subfield code="l">6</subfield>
    <subfield code="m">2</subfield>
    <subfield code="o"> RAO</subfield>
    <subfield code="p">25272</subfield>
    <subfield code="r">2024-12-21</subfield>
    <subfield code="s">2024-08-20</subfield>
    <subfield code="v">629.00</subfield>
    <subfield code="w">0000-00-00</subfield>
    <subfield code="y">BK</subfield>
  </datafield>
  <datafield tag="952" ind1=" " ind2=" ">
    <subfield code="0">0</subfield>
    <subfield code="1">0</subfield>
    <subfield code="4">0</subfield>
    <subfield code="7">0</subfield>
    <subfield code="8">CRC</subfield>
    <subfield code="a">CRCE</subfield>
    <subfield code="b">1234</subfield>
    <subfield code="d">2023-03-17</subfield>
    <subfield code="e">Shroff Publishers</subfield>
    <subfield code="g">503.20</subfield>
    <subfield code="i">00163 dt 16.05.2018</subfield>
    <subfield code="l">2</subfield>
    <subfield code="m">1</subfield>
    <subfield code="o"> RAO</subfield>
    <subfield code="p">25273</subfield>
    <subfield code="r">2024-12-03</subfield>
    <subfield code="s">2024-11-05</subfield>
    <subfield code="v">629.00</subfield>
    <subfield code="w">0000-00-00</subfield>
    <subfield code="y">BK</subfield>
  </datafield>
  <datafield tag="952" ind1=" " ind2=" ">
    <subfield code="0">0</subfield>
    <subfield code="1">0</subfield>
    <subfield code="4">0</subfield>
    <subfield code="7">0</subfield>
    <subfield code="8">CRC</subfield>
    <subfield code="a">CRCE</subfield>
    <subfield code="b">CRCE</subfield>
    <subfield code="d">2023-03-17</subfield>
    <subfield code="e">Shroff Publishers</subfield>
    <subfield code="g">503.20</subfield>
    <subfield code="i">00163 dt 16.05.2018</subfield>
    <subfield code="l">1</subfield>
    <subfield code="o"> RAO</subfield>
    <subfield code="p">25274</subfield>
    <subfield code="r">2025-02-03</subfield>
    <subfield code="s">2025-01-16</subfield>
    <subfield code="v">629.00</subfield>
    <subfield code="w">0000-00-00</subfield>
    <subfield code="y">BK</subfield>
  </datafield>
  <datafield tag="952" ind1=" " ind2=" ">
    <subfield code="0">0</subfield>
    <subfield code="1">0</subfield>
    <subfield code="4">0</subfield>
    <subfield code="7">0</subfield>
    <subfield code="8">CRC</subfield>
    <subfield code="a">CRCE</subfield>
    <subfield code="b">CRCE</subfield>
    <subfield code="d">2023-03-17</subfield>
    <subfield code="e">Shroff Publishers</subfield>
    <subfield code="g">503.20</subfield>
    <subfield code="i">00163 dt 16.05.2018</subfield>
    <subfield code="l">3</subfield>
    <subfield code="m">1</subfield>
    <subfield code="o"> RAO</subfield>
    <subfield code="p">25275</subfield>
    <subfield code="q">2026-07-09</subfield>
    <subfield code="r">2026-06-29</subfield>
    <subfield code="s">2026-06-29</subfield>
    <subfield code="v">629.00</subfield>
    <subfield code="w">0000-00-00</subfield>
    <subfield code="y">BK</subfield>
  </datafield>
  <datafield tag="952" ind1=" " ind2=" ">
    <subfield code="0">0</subfield>
    <subfield code="1">0</subfield>
    <subfield code="4">0</subfield>
    <subfield code="7">0</subfield>
    <subfield code="8">CRC</subfield>
    <subfield code="a">CRCE</subfield>
    <subfield code="b">428</subfield>
    <subfield code="d">2023-03-17</subfield>
    <subfield code="e">Shroff Publishers</subfield>
    <subfield code="g">503.20</subfield>
    <subfield code="i">00163 dt 16.05.2018</subfield>
    <subfield code="l">2</subfield>
    <subfield code="o"> RAO</subfield>
    <subfield code="p">25276</subfield>
    <subfield code="r">2023-11-20</subfield>
    <subfield code="s">2023-10-31</subfield>
    <subfield code="v">629.00</subfield>
    <subfield code="w">0000-00-00</subfield>
    <subfield code="y">BK</subfield>
  </datafield>
  <datafield tag="952" ind1=" " ind2=" ">
    <subfield code="0">0</subfield>
    <subfield code="1">0</subfield>
    <subfield code="4">0</subfield>
    <subfield code="7">0</subfield>
    <subfield code="8">CRC</subfield>
    <subfield code="a">CRCE</subfield>
    <subfield code="b">CRCE</subfield>
    <subfield code="d">2023-03-17</subfield>
    <subfield code="e">Shroff Publishers</subfield>
    <subfield code="g">503.20</subfield>
    <subfield code="i">00163 dt 16.05.2018</subfield>
    <subfield code="l">1</subfield>
    <subfield code="o"> RAO</subfield>
    <subfield code="p">25277</subfield>
    <subfield code="r">2024-07-24</subfield>
    <subfield code="s">2023-11-22</subfield>
    <subfield code="v">629.00</subfield>
    <subfield code="w">0000-00-00</subfield>
    <subfield code="y">BK</subfield>
  </datafield>
  <datafield tag="952" ind1=" " ind2=" ">
    <subfield code="0">0</subfield>
    <subfield code="1">0</subfield>
    <subfield code="4">0</subfield>
    <subfield code="7">0</subfield>
    <subfield code="8">CRC</subfield>
    <subfield code="a">CRCE</subfield>
    <subfield code="b">CRCE</subfield>
    <subfield code="d">2023-03-17</subfield>
    <subfield code="e">Shroff Publishers</subfield>
    <subfield code="g">503.20</subfield>
    <subfield code="i">00163 dt 16.05.2018</subfield>
    <subfield code="l">1</subfield>
    <subfield code="o"> RAO</subfield>
    <subfield code="p">25278</subfield>
    <subfield code="r">2024-10-14</subfield>
    <subfield code="s">2024-10-04</subfield>
    <subfield code="v">629.00</subfield>
    <subfield code="w">0000-00-00</subfield>
    <subfield code="y">BK</subfield>
  </datafield>
  <datafield tag="952" ind1=" " ind2=" ">
    <subfield code="0">0</subfield>
    <subfield code="1">0</subfield>
    <subfield code="4">0</subfield>
    <subfield code="7">0</subfield>
    <subfield code="8">CRC</subfield>
    <subfield code="a">CRCE</subfield>
    <subfield code="b">428</subfield>
    <subfield code="d">2023-03-17</subfield>
    <subfield code="e">Shroff Publishers</subfield>
    <subfield code="g">503.20</subfield>
    <subfield code="i">00163 dt 16.05.2018</subfield>
    <subfield code="l">1</subfield>
    <subfield code="m">1</subfield>
    <subfield code="o"> RAO</subfield>
    <subfield code="p">25279</subfield>
    <subfield code="r">2024-12-05</subfield>
    <subfield code="s">2024-11-21</subfield>
    <subfield code="v">629.00</subfield>
    <subfield code="w">0000-00-00</subfield>
    <subfield code="y">BK</subfield>
  </datafield>
</record>
